[Event "Mauricie ch"]
[Site "Shawinigan"]
[Date "1976.04.04"]
[Round "5"]
[White "Lepine, Guy"]
[Black "Leclerc, Yves"]
[Result "1/2-1/2"]
[WhiteElo "1178"]
[BlackElo "1494"]
[PlyCount "85"]
[EventDate "1976.04.03"]
[EventType "swiss"]
[EventRounds "5"]
[EventCountry "CAN"]
[SourceTitle "EXT 2022"]
[Source "ChessBase"]
[SourceDate "2021.10.06"]
[SourceVersion "1"]
[SourceVersionDate "2021.10.06"]
[SourceQuality "1"]

1. e4 c5 2. c4 Nc6 3. Nf3 d6 4. h3 Nf6 5. d3 g6 6. Bd2 Bg7 7. Bc3 0-0 8. Be2 Ne8 9. d4 cxd4 10. Nxd4 Nxd4 11. Bxd4 Bxd4 12. Qxd4 e5 13. Qc3 f5 14. Nd2 Qb6 15. 0-0 fxe4 16. Nxe4 Bf5 17. c5 dxc5 18. Bc4+ Be6 19. Ng5 Bxc4 20. Qxc4+ Kh8 21. Rae1 Nd6 22. Qd5 Rae8 23. Rxe5 Rxe5 24. Qxe5+ Kg8 25. Qd5+ Nf7 26. Re1 Qf6 27. Nf3 b6 28. h4 Kg7 29. Re2 Rd8 30. Qe4 Rd1+ 31. Kh2 Qd6+ 32. Ne5 Nxe5 33. Qxe5+ Qxe5+ 34. Rxe5 Rd2 35. Re7+ Kg8 36. Rxa7 Rxb2 37. a4 Rxf2 38. Ra6 Rb2 39. Kh3 c4 40. a5 c3 41. axb6 c2 42. Ra8+ Kf7 43. Rc8 1/2-1/2